000 00302nam a22001337a 4500
008 171013b xxu||||| |||| 00| 0 eng d
020 _a9780071417389
041 _aeng
080 _23RD
_a330.322
100 _a51
101 _aINV
245 _aVALUE INVESTING TODAY
_cBRANDES,CH,H
942 _2udc
_cBK
999 _c33831
_d33831